| 000 -LEADER |
| fixed length control field |
01143nam a2200265Ia 4500 |
| 001 - CONTROL NUMBER |
| control field |
21861 |
| 003 - CONTROL NUMBER IDENTIFIER |
| control field |
GE_BSU |
| 008 - FIXED-LENGTH DATA ELEMENTS--GENERAL INFORMATION |
| fixed length control field |
181216s||||||||xx |||||||||||||| ||und|| |
| 020 ## - INTERNATIONAL STANDARD BOOK NUMBER |
| International Standard Book Number |
9780751794113 |
| 040 ## - CATALOGING SOURCE |
| Transcribing agency |
GE_BSU |
| 080 ## - UNIVERSAL DECIMAL CLASSIFICATION NUMBER |
| Universal Decimal Classification number |
657:336 |
| 245 ## - TITLE STATEMENT |
| Title |
ბიზნესის ანალიზი. წიგნი P3. |
| 245 ## - TITLE STATEMENT |
| Remainder of title |
საერთაშორისო პროგრამა. უმაღლესი დონე. სავარჯიშოების კრებული |
| 245 ## - TITLE STATEMENT |
| Statement of responsibility, etc. |
წიგნის თარგმანზე და გამოცემაზე მუშაობდნენ: მთ.ბ.ალავერდაშვილი., |
| 260 ## - PUBLICATION, DISTRIBUTION, ETC. |
| Place of publication, distribution, etc. |
თბილისი |
| 260 ## - PUBLICATION, DISTRIBUTION, ETC. |
| Name of publisher, distributor, etc. |
დანი |
| 260 ## - PUBLICATION, DISTRIBUTION, ETC. |
| Date of publication, distribution, etc. |
2013 |
| 300 ## - PHYSICAL DESCRIPTION |
| Extent |
443 გვ. 29 სმ. |
| 520 ## - SUMMARY, ETC. |
| Summary, etc. |
პარალ. სათ. ინგლ. |
| 653 ## - INDEX TERM--UNCONTROLLED |
| Uncontrolled term |
ბიზნესის ანალიზი. წიგნი P3. |
| 653 ## - INDEX TERM--UNCONTROLLED |
| Uncontrolled term |
ეკონომიკა. ბუღალტერია |
| 653 ## - INDEX TERM--UNCONTROLLED |
| Uncontrolled term |
სავარჯიშოების კრებული |
| 942 ## - ADDED ENTRY ELEMENTS (KOHA) |
| Koha item type |
წიგნი |